| 000 | 00662nam a2200217Ia 4500 | ||
|---|---|---|---|
| 005 | 20260429112316.0 | ||
| 008 | 260429s9999||||xx |||||||||||||| ||und|| | ||
| 020 | _a9789349557406 | ||
| 041 | _aEnglish | ||
| 082 |
_a954 _bJAC |
||
| 100 | _aJackson, A. V. Williams | ||
| 245 | 0 |
_aHistory of India : _bfrom the earliest times to the sixth century B.C., Vol. 1 / _cA. V. Williams Jackson |
|
| 250 | _a1st ed. | ||
| 260 |
_aNew Delhi : _bB.R. Publishing Corporation, _c2024. |
||
| 300 | _axvii, 341 p.; hb | ||
| 440 | _vVol. 1 | ||
| 650 | _a Early civilization | ||
| 650 | _aIndia-History-Ancient period | ||
| 700 | _a Dutt, Romesh Chunder | ||
| 942 | _cTB | ||
| 999 |
_c53418 _d53418 |
||